Random US States by Phonetic Name - Statistics

General Stats
  • This quiz has been taken 74 times
  • The average score is 9 of 10
Answer Stats
Hint Answer % Correct
ˌæl əˈbæm ə Alabama
100%
əˈlæs kə Alaska
100%
ˌær əˈzoʊ nə Arizona
100%
ˈɑr kənˌsɔ Arkansas
100%
ˌkæl əˈfɔrn yə California
100%
ˈdɛl əˌwɛər Delaware
100%
həˈwaɪ i Hawaii
100%
ˌɪn diˈæn ə Indiana
100%
luˌi ziˈæn ə Louisiana
100%
meɪn Maine
100%
ˈmɛr ə lənd Maryland
100%
ˌmæs əˈtʃu sɪts Massachusetts
100%
ˈmɪʃ ɪ gən Michigan
100%
ˌmɪn əˈsoʊ tə Minnesota
100%
ˌmɪs əˈsɪp i Mississippi
100%
mɪˈzʊər i Missouri
100%
nəˈbræs kə Nebraska
100%
nəˈvæd ə Nevada
100%
nu ˈhæmp ʃər New Hampshire
100%
nu ˈmɛk sɪˌkoʊ New Mexico
100%
nu yɔrk New York
100%
ˌoʊ kləˈhoʊ mə Oklahoma
100%
ˈɔr ɪ gən Oregon
100%
ˌpɛn səlˈveɪn yə Pennsylvania
100%
ˌtɛn əˈsi Tennessee
100%
ˈtɛk səs Texas
100%
vərˈmɒnt Vermont
100%
vərˈdʒɪn yə Virginia
100%
ˈwɒʃ ɪŋ tən Washington
100%
wɛst vərˈdʒɪn yə West Virginia
100%
wɪsˈkɒn sən Wisconsin
100%
waɪˈoʊ mɪŋ Wyoming
100%
saʊθ ˌkær əˈlaɪ nə South Carolina
91%
ˈflɔr ɪ də Florida
90%
nɔrθ dəˈkoʊ tə North Dakota
89%
kæn zəs Kansas
88%
ˈaɪ ə wə Iowa
86%
mɒnˈtæn ə Montana
83%
nɔrθ ˌkær əˈlaɪ nə North Carolina
83%
oʊˈhaɪ oʊ Ohio
83%
kəˈnɛt ɪ kət Connecticut
82%
ˈaɪ dəˌhoʊ Idaho
82%
ˌɪl əˈnɔɪ Illinois
80%
nu ˈdʒɜr zi New Jersey
80%
kənˈtʌk i Kentucky
75%
ˌkɒl əˈræd oʊ Colorado
71%
ˌɹoʊd ˈaɪ.lənd Rhode Island
71%
saʊθ dəˈkoʊ tə South Dakota
67%
ˈyu tɔ, -tɑ Utah
67%
ˈdʒɔr dʒə Georgia
50%
No matching quizzes found
Score Distribution
Percent of People with Each Score
Percentile by Number Answered
Your Score History
You have not taken this quiz